New business incubator : the feasibility of its application to the publishing industry in singapore /
Saved in:
| Main Author: | |
|---|---|
| Format: | Thesis Book |
| Language: | English |
| Published: |
1994.
|
| Subjects: | |
| Tags: |
Add Tag
No Tags, Be the first to tag this record!
|
| LEADER | 00873cam a2200253 a 4500 | ||
|---|---|---|---|
| 001 | u377733 | ||
| 003 | SIRSI | ||
| 008 | 940713s1994 si v 00 1 eng m | ||
| 035 | |a ABW-7709 | ||
| 040 | |a UMM | ||
| 043 | |a a-si--- | ||
| 090 | |a Z464 |b S55Won | ||
| 100 | 1 | 0 | |a Wong, Gnaw. |
| 245 | 1 | 0 | |a New business incubator : |b the feasibility of its application to the publishing industry in singapore / |c by Wong Gnaw. |
| 260 | |c 1994. | ||
| 300 | |a vii, 95, leaves : |b ill. ; |c 30 cm. | ||
| 502 | |a Dissertation (M.B.A.) -- National University of Singapore, 1994. | ||
| 504 | |a Bibliography: leaves 94-95. | ||
| 650 | 0 | |a Publishers and publishing |z Singapore | |
| 650 | 0 | |a New business enterprises |z Singapore | |
| 650 | 0 | |a Feasibility studies |z Singapore. | |
| 948 | |a 25/07/1995 |b 14/08/2002 | ||
| 596 | |a 1 | ||
| 999 | |a Z464 S55WON |w LC |c 1 |i A504951137 |l STACKS |m P01UTAMA |r Y |s Y |t TESIS |u 28/7/1995 | ||
